banner-ar

الحياة اليومية فى مصر فى عهد الرعامسة : (Record no. 36556)

MARC details
000 -الفاتح
حقل البيانات ثابتة الطول 01091nam a2200253Ia 4500
005 - وقت وتاريخ اخر تعامل مع التسجيلة
رقم الضبط 20240530103051.0
008 - عناصر البيانات ثابتة الطول - معلومات عامة
حقل البيانات ثابتة الطول 140319s9999 xx 000 0 ara d
040 ## - مصدر الفهرسة
وكالة الفهرسة الأصلية GCL /
وكالة النسخ GCL
082 04 - رقم تصنيف ديوى العشرى
رقم التصنيف 309.62
رقم المادة ق/م ح
100 1# - المدخل الرئيسى - إسم شخصى
الإسم الشخصى مونتيه ، بيير
245 10 - بيان العنوان
العنوان الحياة اليومية فى مصر فى عهد الرعامسة :
بقية العنوان من القرن الثالث عشر الى القرن الثانى عشر قبل الميلاد
بيان المسئوليه,etc تاليف مونتيه ، بيير ؛ ترجمة عزيز مرقس منصور ؛ مراجعة عبدالحميد الدواخلى
260 ## - PUBLICATION, DISTRIBUTION, ETC. (IMPRINT)
تاريخ النشر أو التوزيع 1965
300 ## - الوصف المادى
التعداد 509 ص ؛
أبعاد الوعاء 24 سم
650 04 - المدخل الاضافى بالموضوع-مصطلح موضوعى
مصطلح موضوعي الاحوال الاجتماعية
650 04 - المدخل الاضافى بالموضوع-مصطلح موضوعى
مصطلح موضوعي التجارة
650 04 - المدخل الاضافى بالموضوع-مصطلح موضوعى
مصطلح موضوعي مصر القديمة
650 04 - المدخل الاضافى بالموضوع-مصطلح موضوعى
مصطلح موضوعي الحضارة الفرعونية
650 04 - المدخل الاضافى بالموضوع-مصطلح موضوعى
مصطلح موضوعي الصناعة
650 04 - المدخل الاضافى بالموضوع-مصطلح موضوعى
مصطلح موضوعي الرعامسة
700 1# - المدخل الاضافى - اسم شخصى
الإسم الشخصى عبدالحميد الدراخلى
الدور مراجع
700 1# - المدخل الاضافى - اسم شخصى
الإسم الشخصى عزيز مرقس منصور
الدور مترجم
942 ## - عناصر المدخل الإضافي( كوها)
مصدر التصنيف او مخطط الترفيف Dewey Decimal Classification
Koha [default] item type كتاب
260 ## - PUBLICATION, DISTRIBUTION, ETC. (IMPRINT)
-- القاهرة :
-- الدار المصرية للتأليف والترجمة ،
Holdings
حالة التراجع حالة الفقد حالة تلف ليس للاعارة المكان المؤقت الموقع الحالى تاريخ الاكتساب اجمالي اﻻعارات رقم الطلب الباركود تاريخ اخر مشاهدة تاريخ تفعيل السعر نوع وعاء كوها
        مكتبة القاهرة الكبرى مكتبة القاهرة الكبرى 03/26/2014   309.62 ق/م ح 88962 03/26/2014 03/26/2014 كتاب
        مكتبة القاهرة الكبرى مكتبة القاهرة الكبرى 03/26/2014   309.62 ق/م ح 88963 03/26/2014 03/26/2014 كتاب

Powered By

EGPV